MARC

LEADER 00000nam0a2200000 4500
001 351300
005 20231102010405.0
010 |b 5000 экз. 
035 |a (RuTPU)RU\TPU\retro\6326 
090 |a 351300 
100 |a 20190531d m y0rusy50 ca 
101 0 |a rus 
102 |a RU 
105 |a a z 000zy 
200 1 |a Дымососы и вентиляторы. Барнаульский котельный завод  |f Алтайский совнархоз 
210 |a Москва  |c Госинти 
215 |a 25 с.  |c ил. 
317 |5 63413507: М-133659  |a Поступила в НТБ в 1970 г. в составе книжного собрания профессора ТПИ И. Н. Бутакова 
606 1 |a Вентиляторы  |2 stltpush  |3 (RuTPU)RU\TPU\subj\2169  |9 30764 
606 1 |a Дымососы  |2 stltpush  |3 (RuTPU)RU\TPU\subj\39111  |9 59317 
610 1 |a моделирование 
610 1 |a конструкции 
610 1 |a испытания 
610 1 |a эксплуатация 
610 1 |a расчет на прочность 
610 1 |a технические характеристики 
610 1 |a графики 
610 1 |a мельничные вентиляторы 
610 1 |a маховики 
610 1 |a дутьевые вентиляторы 
610 1 |a проектирование 
610 1 |a библиотека И. Н. Бутакова 
675 |a 621.63(075.8)  |v 4 
675 |a 621.61(075.8)  |v 4 
712 0 2 |a Алтайский совнархоз  |c Алтайский совет народного хозяйства 
801 1 |a RU  |b 63413507  |c 20160422 
801 2 |a RU  |b 63413507  |c 20190924  |g RCR 
942 |c BK